00617nam a2200157 i 4500001000700000003000900007007000300016008004100019100003400060245012300094260004800217300003500265852002100300999001900321952011900340142084ES-MaACLt|071002s1920 xxk ||||1| eng d1 aWilliamson, Benjamin.911696713aAn elementary treatise on the differential calculus, containing the theory of plane curves / cby Benjamin Williamson. aLondon : bLongmans, Green and Co., c1920. aXVI, 472 p. : bil. ; c19 cm. aES-MaACLjB-4165 c142084d142084 00104070aATENEOMbATENEOMcSPBd2008-01-17eSCl0oB-4165p1147838r2023-02-23 00:00:00w2023-02-23yMONOGRAFIA